00500nam a2200193 a 4500001001300000003000900013005001700022008004100039020001000080082001700090100002300107245004200130260003500172300000900207500003500216505001400251650001800265700002300283nice12345678IN_TiNIC20260116011358.0050524s1940 laha grp 000 0 urd  ac10000a297.09bBASU aBashir, Ahmed Mian aMusalmanon Ka Mazi Hal Aur Mustaqbil. aLahorebMarkantile Pressc1940 a96p. aincludes index and biblioraphy2 areference aIslam-History1 aBashir, Ahmed Mian